| 000 | 00326nam a22001217a 4500 | ||
|---|---|---|---|
| 008 | 140321t xxu||||| |||| 00| 0 eng d | ||
| 020 | _a978-1-60327-565-1 | ||
| 100 |
_aMartha R. J. Clokie _9808 |
||
| 240 | _aMethods in Molecular biology 502 | ||
| 245 |
_aBacteriophages _bMethods and protocols |
||
| 300 | _a372 | ||
| 942 |
_2ddc _cBK |
||
| 999 |
_c17057 _d17057 |
||